000 01137cam a22002054a 4500
005 20250605163933.0
008 250528s ||||||||||||||||||||||||d
035 _a14769
020 _a131011553
040 _aGR-AtMCL
_bgre
_dGR-AtMCL
_eAACR2
245 1 _aSociology / Fifth Edition
250 _a5th
260 _bPrentice Hall,
_c1995
300 _a710
520 _aThe Foundations of Sociology, The Sociological Perspective, Sociological Investigation, The Foundations of Society, Culture, Society, Socialization, Social Interaction in Everyday Life, Groups and Organizations, Deviance, Social Inequality, Social Stratification, Social Class in the United States, Global Stratification, Race and Ethnicity, Sex and Gender, Aging and the Elderly, Social Institutions, The Economy and Work, Politics and Government, Family, Religion, Education, Health and Medicine, Social Change, Population and Urbanization, The Natural Environment, Collective Behavior and Social Movements, Social Change: Traditional and Modern and Postmodern Societies.
700 1 _aMacionis John J
_9528
942 _cBK
999 _c388
_d388